Geografie-Kette #8 (schwer) - Statistiken

Allgemein
  • Dieses Quiz wurde 829 mal gespielt
  • Das Durchschnittsergebnis liegt bei 9 aus 20
Antwortstatistiken
Hint Antwort % Korrekt
Die ewige Stadt Rom
93%
Militärbündnis, von dem ^ ein Teil ist NATO
85%
1918 wurde ^ unabhängig von ... Dänemark
60%
Land in ^ ohne Armee Island
60%
US-Bundesstaat, der ^ am nächsten liegt Maine
56%
Ozean, der an ^ grenzt Indischer Ozean
55%
Land, das an ^ grenzt und früher "Siam" hieß Thailand
53%
^ mündet in ... Südchinesisches Meer
41%
Sultanat am ^ Brunei
40%
Einziges Nachbarland von ^ Malaysia
40%
^ ist über einen Damm mit ... verbunden Singapur
37%
Land, mit dem ^ die längste Grenze hat Brasilien
35%
Nachbarland von ^ Frankreich
35%
Land mit mehr Einwohnern / km² als ^ Monaco
35%
Hauptstadt von ^ Augusta
34%
Land, das alphabetisch nach ^ kommt Australien
34%
Längster Fluss in ^ Mekong
33%
Sprache, die man in ^ spricht Portugiesisch
33%
Hauptstadt von ^ Perth
30%
Flächengrößter Bundesstaat von ^ Western Australia
25%
Keine übereinstimmenden Quizze gefunden
Verteilung der Resultate
Anzahl Personen mit jedem Resultat
Perzentil nach korrekt beantworteten Fragen
Ihre Resultats-Entwicklung
Sie haben dieses Quiz noch nicht gespielt